000 01788cam a2200325 i 4500
001 22022241
003 NUST
005 20250113122603.0
008 210505s2021 pk 001 0 eng
010 _a 2021319569
020 _a9780190704193
037 _bLibrary of Congress -- Islamabad Overseas Office
040 _aDLC
_beng
_cDLC
_erda
042 _alcode
_apcc
082 _a327.5491,HUS
100 1 _aHussain, Zahid,
_d1949-
_eauthor.
_9127498
245 1 0 _aNo-win war :
_bthe paradox of US-Pakistan relations in Afghanistan's shadow /
_cZahid Hussain.
250 _aFirst edition.
264 1 _aKarachi :
_bOxford University Press,
_c2021.
300 _axvi, 355 pages ;
_c22 cm
336 _atext
_btxt
_2rdacontent
337 _aunmediated
_bn
_2rdamedia
338 _avolume
_bnc
_2rdacarrier
505 _aHistory Starts Today! (Page-1), The Original Sin (Page-16), The Fall and Rise of the Taliban (Page-32), The Great Escape (Page-52), Not –So- Invisibles War (Page-70), Taming Pakistan (Page-89), Democracy Versus National Security (Page-107), What’s your Plan for Afghanistan (Page-120), Enemies Now (Page-139), Midnight Raid (Page-157), Relation on a Slippery Slope (Page-172), Sorry, But ‘No’ Sorry (Page-188), Talking to the Taliban (Page-204), Storming the Witches (Page-221), Death of Mullah Omar (Page-239), A Maverick in the White House (Page-257), Shifting Sands of Afghanistan (Page-273), The Endgame (Page-295).
650 0 _aWar on Terrorism, 2001-2009.
651 0 _aPakistan
_xForeign relations
_zUnited States.
_913001
651 0 _aUnited States
_xForeign relations
_zPakistan
_913000
651 0 _aAfghanistan
_xPolitics and government
_y2001-2021
_xForeign influences.
_9127499
942 _2ddc
_cBK
_h327.5491,HUS
999 _c612612
_d612612